00561pab a2200157 454500008004000000100001600040245011500056260000900171300001200180362000900192650003400201773003600235909001000271999001700281952010500298180718b1988 xxu||||| |||| 00| 0 eng d aNinan, K.N. aFactors influencing growth and instability in oilseeds production - the case of Groundnut and Rapeseed Mustard c1988 a1065-75 aMar. aOils And Fats, Edible - India aAgricultural Situation in India a14373 c14373d14373 00104070aIIPAbIIPAd2018-07-19hVolume no: 42, Issue no: 12pAR14416r2018-07-19w2018-07-19yAR